[Event "X Weekend A"]
[Site "Porto Sant'Elpidio ITA"]
[Date "2007.11.25"]
[Round "3"]
[White "Giobbi, Costantino"]
[Black "Ferri, Stefano"]
[Result "0-1"]
[WhiteElo "1955"]
[BlackElo "2178"]
[PlyCount "112"]
[EventDate "2007.11.24"]

1. e4 c6 2. d4 d5 3. Nc3 dxe4 4. Nxe4 Nd7 5. Bd3 Ngf6 6. Nf3 Nxe4 7. Bxe4 Nf6
8. Bd3 Bg4 9. c3 e6 10. h3 Bxf3 11. Qxf3 Qd5 12. Qxd5 Nxd5 13. Bd2 a5 14. a4
Bd6 15. g3 Kd7 16. O-O Rhb8 17. c4 Nb4 18. Bxb4 Bxb4 19. Rfd1 Ke7 20. Be4 f5
21. Bg2 Kf6 22. d5 cxd5 23. cxd5 e5 24. Bf1 Ke7 25. Rac1 Kd6 26. Rc4 Bc5 27.
Rc2 Re8 28. Bc4 g5 29. Kg2 h5 30. b3 Rf8 31. Re2 Rf6 32. Rde1 Re8 33. Rd1 e4
34. f3 e3 35. Rh1 h4 36. Rf1 hxg3 37. Kxg3 f4+ 38. Kg2 Rh6 39. Rh1 Reh8 40.
Ree1 Bb4 41. Rc1 Ke5 42. Bd3 Kxd5 43. Rc4 b6 44. Re4 Bd2 45. Bc4+ Kd6 46. Rd4+
Ke7 47. Rd5 Rg6 48. Kf1 g4 49. fxg4 Rxg4 50. Ke2 Rg2+ 51. Kf3 Rf2+ 52. Ke4 f3
53. Re5+ Kf6 54. Rf5+ Kg6 55. Bf7+ Kg7 56. h4 e2 0-1

[Event "X Weekend A"]
[Site "Porto Sant'Elpidio ITA"]
[Date "2007.11.25"]
[Round "3"]
[White "Pierantozzi, Stanislao"]
[Black "Senigagliesi, Eros"]
[Result "1-0"]
[WhiteElo "2010"]
[BlackElo "1879"]
[PlyCount "63"]
[EventDate "2007.11.24"]

1. c4 Nf6 2. Nc3 g6 3. e4 d6 4. d4 Bg7 5. Nf3 O-O 6. Be2 Nbd7 7. O-O c6 8. Be3
Rb8 9. Qd2 b5 10. a3 bxc4 11. Bxc4 Nb6 12. Be2 Qc7 13. Bh6 Bg4 14. Bxg7 Kxg7
15. Rab1 Nfd7 16. h3 Bxf3 17. Bxf3 e5 18. Rfc1 Nc8 19. Bg4 Rd8 20. Nd5 Qb7 21.
Nb4 Ne7 22. Bxd7 Rxd7 23. Qe3 a5 24. Nd3 f6 25. dxe5 fxe5 26. Rc2 a4 27. Rbc1
c5 28. f4 exf4 29. Nxf4 Nc6 30. Qc3+ Kh6 31. Ne6 g5 32. Qf6+ 1-0

[Event "X Weekend A"]
[Site "Porto Sant'Elpidio ITA"]
[Date "2007.11.25"]
[Round "3"]
[White "Rotoni, Matteo"]
[Black "Faini, Marco"]
[Result "1-0"]
[WhiteElo "2069"]
[BlackElo "1860"]
[PlyCount "104"]
[EventDate "2007.11.24"]

1. e4 d5 2. exd5 Qxd5 3. Nc3 Qa5 4. d4 c6 5. Bc4 Nf6 6. Bd2 Qc7 7. Qe2 Bf5 8.
Nf3 Nbd7 9. O-O e6 10. Rfe1 Be7 11. d5 Nxd5 12. Bxd5 cxd5 13. Nxd5 Qd8 14. Bf4
O-O 15. Nxe7+ Qxe7 16. Nd4 Bg6 17. Nb5 Rfd8 18. c3 Nf6 19. a4 h6 20. Bg3 a6 21.
Nd4 Ne4 22. Qf3 Nxg3 23. Qxg3 Qd6 24. Re5 Bh7 25. a5 Rac8 26. Rae1 Rc5 27. f4
Rxe5 28. Rxe5 Qf8 29. Qf3 Rd7 30. Qe2 Rd5 31. Rxd5 exd5 32. f5 Qd8 33. Qe5 Kf8
34. b4 Qe7 35. Qxe7+ Kxe7 36. Kf2 Kf6 37. g4 g6 38. fxg6 fxg6 39. Nb3 Bg8 40.
Nc5 Be6 41. Nxb7 Bxg4 42. Ke3 Ke5 43. b5 axb5 44. a6 Bc8 45. Nc5 Bxa6 46. Nxa6
g5 47. Nc7 Kd6 48. Nxb5+ Kc5 49. Nd4 h5 50. Kd3 Kd6 51. Nc2 Ke5 52. Ke3 Kf6 1-0

[Event "X Weekend A"]
[Site "Porto Sant'Elpidio ITA"]
[Date "2007.11.25"]
[Round "3"]
[White "Spano' Cuomo, Gaetano"]
[Black "Miandro, Roberto"]
[Result "1/2-1/2"]
[WhiteElo "1879"]
[BlackElo "2090"]
[PlyCount "89"]
[EventDate "2007.11.24"]

1. d4 d5 2. Nf3 c5 3. e3 a6 4. Bd3 Nf6 5. Nbd2 e6 6. O-O Nc6 7. Ne5 Be7 8. f4
cxd4 9. Nxc6 bxc6 10. exd4 c5 11. dxc5 Bxc5+ 12. Kh1 O-O 13. Nf3 Bb7 14. Qe1
Rc8 15. Ng5 h6 16. Nf3 Ne4 17. Be3 Qb6 18. Bxc5 Nxc5 19. b4 Nxd3 20. cxd3 Rc2
21. d4 Bc6 22. Qb1 Ba4 23. Rc1 Rfc8 24. Rxc2 Rxc2 25. a3 Qc7 26. Ne5 Qc3 27.
Nf3 Qe3 28. Ne1 Rc3 29. f5 Qxd4 30. fxe6 fxe6 31. Qb2 Qf6 32. h3 Re3 33. Qd2
Qf4 34. Kg1 Qe4 35. Nf3 Re2 36. Qc3 Rc2 37. Qd4 Qe2 38. Qg4 Rc4 39. Qg3 Qe3+
40. Kh1 Qf4 41. Qe1 Qf6 42. Rc1 Kh7 43. Rxc4 dxc4 44. Qe4+ Qf5 45. Qxc4 1/2-1/2

[Event "X Weekend A"]
[Site "Porto Sant'Elpidio ITA"]
[Date "2007.12.01"]
[Round "4"]
[White "Baleani, Emanuele"]
[Black "Miandro, Roberto"]
[Result "0-1"]
[WhiteElo "1897"]
[BlackElo "2090"]
[PlyCount "48"]
[EventDate "2007.11.24"]

1. e4 c5 2. Nf3 d6 3. d4 cxd4 4. Nxd4 Nf6 5. Nc3 a6 6. Bg5 e6 7. Qd3 Be7 8.
O-O-O O-O 9. f4 Qc7 10. Be2 Nbd7 11. Bf3 Rb8 12. g4 b5 13. Bxf6 Bxf6 14. g5 Nc5
15. Qd2 Be7 16. h4 b4 17. Nb1 b3 18. Nc3 bxa2 19. Nxa2 e5 20. b4 exd4 21. bxc5
dxc5 22. Qh2 Qa5 23. f5 Qa3+ 24. Kd2 Qe3# 0-1

[Event "X Weekend A"]
[Site "Porto Sant'Elpidio ITA"]
[Date "2007.12.01"]
[Round "4"]
[White "Faini, Ivano"]
[Black "Amaranto, Luca"]
[Result "1/2-1/2"]
[WhiteElo "1755"]
[BlackElo "1922"]
[PlyCount "113"]
[EventDate "2007.11.24"]

1. c4 e5 2. Nc3 Nf6 3. g3 d6 4. Bg2 c6 5. e4 Be6 6. d3 g6 7. Nge2 Bg7 8. a3 O-O
9. O-O h6 10. Rb1 d5 11. exd5 cxd5 12. c5 Nc6 13. b4 a6 14. Qc2 Ne8 15. f4 Nc7
16. h3 Qd7 17. Kh2 h5 18. Na4 Rad8 19. Bb2 Rfe8 20. Nb6 Qe7 21. Rbe1 Bf5 22.
fxe5 Nxe5 23. Nf4 Qf8 24. Qb3 Nc6 25. Nbxd5 Nxd5 26. Bxd5 Rxe1 27. Rxe1 Bxb2
28. Bxc6 bxc6 29. Qxb2 Bxd3 30. Rd1 Be4 31. Re1 Bf5 32. Re2 Rd1 33. Qe5 Bd3 34.
Nxd3 Rxd3 35. Qc7 Rxa3 36. Qxc6 Qg7 37. Qd6 Qc3 38. Qf4 Rb3 39. Rf2 f5 40. Qb8+
Kh7 41. Qc7+ Qg7 42. Qf4 Qb7 43. Qc4 Rxb4 44. c6 Rxc4 45. cxb7 Rb4 46. Ra2 Rxb7
47. Rxa6 Rb2+ 48. Kg1 Kh6 49. Rc6 Kg5 50. h4+ Kg4 51. Rxg6+ Kf3 52. Rg5 Rg2+
53. Kh1 Rxg3 54. Rxf5+ Kg4 55. Rg5+ Kxh4 56. Rxg3 Kxg3 57. Kg1 1/2-1/2

[Event "X Weekend A"]
[Site "Porto Sant'Elpidio ITA"]
[Date "2007.12.01"]
[Round "4"]
[White "Faini, Marco"]
[Black "Senigagliesi, Eros"]
[Result "1-0"]
[WhiteElo "1860"]
[BlackElo "1879"]
[PlyCount "75"]
[EventDate "2007.11.24"]

1. c4 Nf6 2. Nc3 g6 3. g3 Bg7 4. Bg2 O-O 5. e4 d6 6. Nge2 c5 7. O-O Na6 8. d3
Rb8 9. Rb1 Bd7 10. h3 b5 11. cxb5 Bxb5 12. Nxb5 Rxb5 13. Nc3 Rb8 14. Be3 Nd7
15. Qd2 Re8 16. f4 e6 17. d4 Qc7 18. Rfd1 Red8 19. Bf1 c4 20. b3 d5 21. exd5
exd5 22. Nxd5 Qd6 23. bxc4 Rxb1 24. Rxb1 Nf6 25. Nxf6+ Bxf6 26. d5 g5 27. Bd3
Re8 28. Kg2 gxf4 29. Bxf4 Qc5 30. Re1 Rxe1 31. Qxe1 Qd4 32. Qe4 Qb2+ 33. Kf3
Qa3 34. Bh6 Bg7 35. Qxh7+ Kf8 36. Qxg7+ Ke8 37. Qe5+ Kd7 38. Qe3 1-0

[Event "X Weekend A"]
[Site "Porto Sant'Elpidio ITA"]
[Date "2007.12.01"]
[Round "4"]
[White "Ferri, Stefano"]
[Black "Fratini, Mauro"]
[Result "1-0"]
[WhiteElo "2178"]
[BlackElo "1979"]
[PlyCount "93"]
[EventDate "2007.11.24"]

1. Nf3 e6 2. g3 Nf6 3. Bg2 d5 4. O-O Nbd7 5. d4 c5 6. c4 cxd4 7. cxd5 Nxd5 8.
Nxd4 N7f6 9. e4 Nb6 10. Bf4 a6 11. a4 Bd7 12. Nc3 Bb4 13. a5 Bxc3 14. bxc3 Nc4
15. e5 Nd5 16. Bxd5 exd5 17. Qf3 Bh3 18. Rfe1 O-O 19. Qh5 Qd7 20. f3 Be6 21.
Bg5 Bf5 22. g4 Bg6 23. Qh4 Nxe5 24. Rxe5 f6 25. Re3 fxg5 26. Qxg5 Rae8 27. Rae1
Rxe3 28. Rxe3 Re8 29. Rxe8+ Bxe8 30. Qe5 Qf7 31. Nf5 Bc6 32. h4 h6 33. Kf2 Kh7
34. Ke3 Qf8 35. Kd4 Qf7 36. h5 Qf6 37. Qxf6 gxf6 38. Ne7 Bd7 39. Kxd5 Kg7 40.
Kd6 Bb5 41. Nf5+ Kh7 42. Nd4 Bc4 43. Ke7 Bd5 44. Kxf6 b6 45. Ke5 Bb7 46. axb6
a5 47. Kd6 1-0

[Event "X Weekend A"]
[Site "Porto Sant'Elpidio ITA"]
[Date "2007.12.01"]
[Round "4"]
[White "Giobbi, Costantino"]
[Black "Pierantozzi, Stanislao"]
[Result "1-0"]
[WhiteElo "1955"]
[BlackElo "2010"]
[PlyCount "115"]
[EventDate "2007.11.24"]

1. e4 c6 2. d4 d5 3. e5 Bf5 4. Nf3 e6 5. Be2 c5 6. c3 Nc6 7. a3 Qb6 8. O-O cxd4
9. cxd4 Bxb1 10. Rxb1 Bxa3 11. Be3 Bb4 12. Ng5 Nge7 13. Qd3 h6 14. Nh3 Nf5 15.
Rbd1 O-O 16. g4 Nxe3 17. fxe3 Be7 18. Rf3 f6 19. exf6 Rxf6 20. Rxf6 Bxf6 21.
Rf1 Rf8 22. Nf4 Ne7 23. Bd1 e5 24. dxe5 Bxe5 25. Nxd5 Bxh2+ 26. Kxh2 Qd6+ 27.
Kg2 Rd8 28. Nxe7+ Qxe7 29. Bb3+ Kh8 30. Bd5 Qd7 31. Rf5 a6 32. g5 Qb5 33. Qxb5
axb5 34. gxh6 gxh6 35. e4 Kg7 36. Rf7+ Kg6 37. Rxb7 Kg5 38. Rxb5 Kf4 39. Rb7
Rc8 40. Rf7+ Ke5 41. b3 Rc3 42. Rf5+ Kd4 43. Rh5 Rc2+ 44. Kf3 Rc3+ 45. Kf4 Rc1
46. Rxh6 Rf1+ 47. Kg5 Rg1+ 48. Kf6 Re1 49. Rh8 Re3 50. Rd8 Kc5 51. Rc8+ Kd4 52.
Rc4+ Kd3 53. e5 Kd2 54. e6 Rd3 55. Ke5 Rh3 56. e7 Rh5+ 57. Kd6 Rh6+ 58. Kd7 1-0

[Event "X Weekend A"]
[Site "Porto Sant'Elpidio ITA"]
[Date "2007.12.01"]
[Round "4"]
[White "Guglielmi, Dante"]
[Black "Cerquitella, Luca"]
[Result "0-1"]
[WhiteElo "1925"]
[BlackElo "2238"]
[PlyCount "52"]
[EventDate "2007.11.24"]

1. c4 e5 2. Nc3 Nf6 3. g3 Bb4 4. Bg2 Nc6 5. Nf3 O-O 6. O-O Bxc3 7. bxc3 d6 8.
Qc2 Be6 9. d3 h6 10. Rb1 Rb8 11. Nd2 Qd7 12. Re1 Bh3 13. Bh1 Ng4 14. Nf3 f5 15.
d4 f4 16. Nh4 Ne7 17. Ng6 Nxg6 18. Qxg6 Nxf2 19. Bd5+ Kh8 20. Rxb7 Rxb7 21.
Bxb7 Rf6 22. Qb1 fxg3 23. hxg3 Qg4 24. Kh2 Qh5 25. Bf3 Rxf3 26. Qb8+ Bc8+ 0-1

[Event "X Weekend A"]
[Site "Porto Sant'Elpidio ITA"]
[Date "2007.12.01"]
[Round "4"]
[White "Rotoni, Matteo"]
[Black "Serafini, Gino"]
[Result "1-0"]
[WhiteElo "2069"]
[BlackElo "1831"]
[PlyCount "85"]
[EventDate "2007.11.24"]

1. e4 e6 2. d4 d5 3. e5 c5 4. c3 Nc6 5. Be3 Qb6 6. Qd2 Qc7 7. Nf3 Nge7 8. Bd3
h6 9. O-O c4 10. Bc2 Bd7 11. b3 Na5 12. Qe2 a6 13. Nfd2 Nf5 14. g4 Nh4 15. f4
Be7 16. f5 Bg5 17. Nf3 Nxf3+ 18. Qxf3 Bxe3+ 19. Qxe3 Qd8 20. Nd2 Qg5 21. Qxg5
hxg5 22. Nf3 exf5 23. Nxg5 Rh4 24. Rf4 Rxg4+ 25. Rxg4 fxg4 26. Rf1 Be6 27. Nxe6
fxe6 28. Bg6+ Ke7 29. Rf7+ Ke8 30. b4 Nc6 31. Rxb7+ Kf8 32. Rf7+ Kg8 33. Rc7
Na7 34. a4 Nc8 35. Bf7+ Kf8 36. Bxe6 Nb6 37. a5 Na4 38. Bxd5 Rd8 39. Bxc4 Nxc3
40. Bxa6 Nd5 41. Rc8 Rxc8 42. Bxc8 Nxb4 43. Bb7 1-0

[Event "X Weekend A"]
[Site "Porto Sant'Elpidio ITA"]
[Date "2007.12.01"]
[Round "4"]
[White "Spano' Cuomo, Gaetano"]
[Black "Fioravanti, Emidio"]
[Result "0-1"]
[WhiteElo "1879"]
[BlackElo "2016"]
[PlyCount "52"]
[EventDate "2007.11.24"]

1. d4 Nf6 2. c4 e6 3. Nc3 Bb4 4. a3 Bxc3+ 5. bxc3 c5 6. Nf3 Nc6 7. e3 Qa5 8.
Bd2 O-O 9. Bd3 d5 10. O-O dxc4 11. Bxc4 Rd8 12. Qe2 Ne4 13. Bd3 Nxd2 14. Nxd2
cxd4 15. cxd4 Qd5 16. f4 Nxd4 17. Bxh7+ Kxh7 18. exd4 Qxd4+ 19. Kh1 Qxd2 20.
Qh5+ Kg8 21. Rad1 Rd5 22. f5 Qh6 23. Qe2 Bd7 24. Rxd5 exd5 25. Qb2 Bc6 26. Qd4
Qf6 0-1

[Event "X Weekend A"]
[Site "Porto Sant'Elpidio ITA"]
[Date "2007.12.02"]
[Round "5"]
[White "Faini, Marco"]
[Black "Baleani, Emanuele"]
[Result "1/2-1/2"]
[WhiteElo "1860"]
[BlackElo "1897"]
[PlyCount "66"]
[EventDate "2007.11.24"]

1. c4 c5 2. Nc3 Nc6 3. g3 b6 4. Bg2 Bb7 5. e4 e6 6. Nge2 g6 7. d3 Bg7 8. Be3
Nge7 9. Qd2 O-O 10. Bh6 Ne5 11. Bxg7 Kxg7 12. h4 d5 13. exd5 exd5 14. Nxd5 Bxd5
15. cxd5 Nxd5 16. a3 Rb8 17. Rd1 Nf6 18. O-O Re8 19. Rfe1 Qd6 20. d4 cxd4 21.
Qxd4 Qxd4 22. Rxd4 Rbc8 23. Rd2 h5 24. Red1 Nd3 25. Kf1 Nc5 26. Nc3 Nfe4 27.
Bxe4 Nxe4 28. Nxe4 Rxe4 29. Rd7 Rc2 30. R7d2 Rec4 31. Ke2 Rc7 32. Rxc2 Rxc2+
33. Rd2 Rc7 1/2-1/2

[Event "X Weekend A"]
[Site "Porto Sant'Elpidio ITA"]
[Date "2007.12.02"]
[Round "5"]
[White "Fioravanti, Emidio"]
[Black "Rinaudo, Sergio"]
[Result "0-1"]
[WhiteElo "2016"]
[BlackElo "2127"]
[PlyCount "90"]
[EventDate "2007.11.24"]

1. e4 e5 2. Bc4 Nf6 3. d3 Bc5 4. Nf3 Nc6 5. Nc3 h6 6. O-O O-O 7. a3 a5 8. Bd2
d6 9. Na4 Ba7 10. Kh1 Bd7 11. Nc3 Ng4 12. Qe1 Kh8 13. h3 Nf6 14. Ne2 a4 15. Be3
Qe7 16. Bxa7 Rxa7 17. Ng3 Raa8 18. Rd1 Rae8 19. Nh4 g6 20. f4 exf4 21. Rxf4 d5
22. Qc3 d4 23. Qd2 Ne5 24. Rxf6 Qxf6 25. Qxh6+ Kg8 26. Rf1 Qg7 27. Qg5 Nxc4 28.
dxc4 Re5 29. Qf4 Bc6 30. Nf3 Re7 31. Qh4 Rfe8 32. Nd2 Re5 33. Qf4 b5 34. Nf3
R5e7 35. Ng5 bxc4 36. h4 Qe5 37. Qxe5 Rxe5 38. Nxf7 Rb5 39. Nh6+ Kg7 40. Ng4
Rf8 41. Rd1 Rf4 42. Nh2 Rxb2 43. Rxd4 Rb1+ 44. Nhf1 Rxh4+ 45. Kg1 Bb5 0-1

[Event "X Weekend A"]
[Site "Porto Sant'Elpidio ITA"]
[Date "2007.12.02"]
[Round "5"]
[White "Fratini, Mauro"]
[Black "Giobbi, Costantino"]
[Result "1-0"]
[WhiteElo "1979"]
[BlackElo "1955"]
[PlyCount "87"]
[EventDate "2007.11.24"]

1. d4 d5 2. Bf4 c6 3. Nd2 Nf6 4. e3 Bf5 5. Ngf3 h6 6. h3 g5 7. Bh2 Bg7 8. c4 e6
9. Qb3 Qb6 10. c5 Qxb3 11. axb3 O-O 12. b4 Nbd7 13. b5 Rfe8 14. bxc6 bxc6 15.
Ba6 Rab8 16. Bxb8 Rxb8 17. Ra2 g4 18. hxg4 Nxg4 19. O-O e5 20. Be2 Be6 21. b3
f5 22. Rxa7 f4 23. Bd1 fxe3 24. fxe3 Nxe3 25. Re1 exd4 26. Rc7 Bg4 27. Rxc6
Nxd1 28. Rxd1 d3 29. Rb1 Rb4 30. Rc8+ Kh7 31. c6 Ne5 32. Rc7 Nxf3+ 33. gxf3 Bf5
34. Rb7 Rh4 35. Re1 Kg6 36. Kg2 Bh3+ 37. Kg3 Rh5 38. f4 Bc8 39. Re8 Bf5 40. c7
Bd4 41. Rg8+ Kf6 42. Rf8+ Ke6 43. Rxf5 Rxf5 44. c8=Q+ 1-0

[Event "X Weekend A"]
[Site "Porto Sant'Elpidio ITA"]
[Date "2007.12.02"]
[Round "5"]
[White "Miandro, Roberto"]
[Black "Guglielmi, Dante"]
[Result "1-0"]
[WhiteElo "2090"]
[BlackElo "1925"]
[PlyCount "38"]
[EventDate "2007.11.24"]

1. c4 Nf6 2. Nf3 g6 3. Nc3 Bg7 4. g3 O-O 5. Bg2 d6 6. O-O c5 7. h3 Nc6 8. d3
Rb8 9. e4 a6 10. Rb1 b5 11. b3 bxc4 12. dxc4 Bb7 13. Re1 Qa5 14. Bb2 Nd4 15.
Nd2 Nh5 16. Nf1 e5 17. Ne3 Ba8 18. Rf1 Rfe8 19. Na4 19... Rbd8 $139 1-0

[Event "X Weekend A"]
[Site "Porto Sant'Elpidio ITA"]
[Date "2007.12.02"]
[Round "5"]
[White "Pierantozzi, Stanislao"]
[Black "Faini, Ivano"]
[Result "1-0"]
[WhiteElo "2010"]
[BlackElo "1755"]
[PlyCount "163"]
[EventDate "2007.11.24"]

1. c4 e5 2. Nc3 d6 3. g3 g6 4. Bg2 Bg7 5. e3 f5 6. d4 exd4 7. exd4 c6 8. Nf3
Nf6 9. O-O O-O 10. Re1 h6 11. b4 Re8 12. Rxe8+ Qxe8 13. Rb1 Ne4 14. Bb2 Nd7 15.
Qd3 Ndf6 16. Re1 Qf7 17. d5 Bd7 18. Nd2 Nxd2 19. Qxd2 Bf8 20. a4 Kh7 21. Qd4
Bg7 22. Qf4 Bf8 23. dxc6 bxc6 24. b5 Rc8 25. Qd4 c5 26. Qd3 Be6 27. Nd5 Nxd5
28. cxd5 Bd7 29. Qc3 g5 30. h3 Re8 31. Qh8+ Kg6 32. Rxe8 Bxe8 33. Bf1 Bd7 34.
Bc4 Qe7 35. Qc3 h5 36. Bd3 g4 37. hxg4 hxg4 38. Kg2 Qf7 39. Bc4 Be7 40. a5 Qh7
41. b6 axb6 42. axb6 Bc8 43. Bb5 Bg5 44. Bc6 Qe7 45. Qd3 Bf6 46. Bxf6 Kxf6 47.
Qb1 Qe4+ 48. Qxe4 fxe4 49. b7 Bxb7 50. Bxb7 Ke5 51. Kf1 Kd4 52. Ke2 c4 53. Kd2
c3+ 54. Kc2 Kc4 55. Bc8 Kxd5 56. Kxc3 Ke5 57. Bxg4 d5 58. Kd2 d4 59. Bc8 Kf6
60. Kc2 Kg5 61. Bb7 Kf5 62. Bc6 Ke5 63. g4 Kf4 64. Bd7 Kg5 65. Bf5 Kf4 66. Bxe4
Kxe4 67. f3+ Kf4 68. Kd3 Ke5 69. g5 Kf5 70. f4 Ke6 71. Kxd4 Kf5 72. Kd5 Kg6 73.
Ke6 Kg7 74. f5 Kg8 75. f6 Kf8 76. g6 Kg8 77. Ke7 Kh8 78. f7 Kg7 79. f8=Q+ Kxg6
80. Qf3 Kg5 81. Ke6 Kg6 82. Qg3+ 1-0

[Event "X Weekend A"]
[Site "Porto Sant'Elpidio ITA"]
[Date "2007.12.02"]
[Round "5"]
[White "Rinaudo, Andrea"]
[Black "Rotoni, Matteo"]
[Result "1/2-1/2"]
[WhiteElo "2119"]
[BlackElo "2069"]
[PlyCount "140"]
[EventDate "2007.11.24"]

1. d4 d5 2. c4 Nc6 3. Nc3 dxc4 4. Nf3 Nf6 5. d5 Na5 6. e4 c6 7. Bg5 e6 8. dxc6
Qxd1+ 9. Rxd1 bxc6 10. e5 Nd5 11. Bd2 Bb4 12. Ne4 Bxd2+ 13. Nfxd2 Rb8 14. Nd6+
Ke7 15. N2xc4 Nxc4 16. Nxc4 Bd7 17. b3 c5 18. g3 Nb4 19. Rd2 Bc6 20. Rg1 Rhd8
21. Nd6 Bd5 22. f4 Nc6 23. Bg2 Nd4 24. Kf2 Bxg2 25. Kxg2 Nb5 26. Rgd1 Nxd6 27.
Rxd6 Rxd6 28. Rxd6 Rc8 29. Ra6 Rc7 30. Kf3 Kd7 31. Ke3 Kc8 32. Kd3 Kb7 33. Rd6
Rc6 34. Rd8 Rc7 35. Kc4 a6 36. g4 g6 37. h4 Kc6 38. Rd6+ Kb7 39. a3 h5 40. gxh5
gxh5 41. a4 Ka7 42. Rd8 Kb6 43. Rd6+ Kb7 44. a5 Ka7 45. Rb6 Rc8 46. Rd6 Rc7 47.
Rd8 Kb7 48. Rh8 Kc6 49. Rxh5 Rb7 50. Rh7 Rb4+ 51. Kc3 Rxf4 52. h5 Kd5 53. Rh8
Kxe5 54. Ra8 Rh4 55. Rxa6 Rxh5 56. Ra8 Kd5 57. a6 Rh1 58. Kb2 Kc6 59. Rd8 Rh2+
60. Kc3 Ra2 61. Ra8 f5 62. a7 Kb7 63. Re8 Rxa7 64. Rxe6 Ra1 65. Rf6 Rc1+ 66.
Kd3 Rb1 67. Kc4 Rc1+ 68. Kb5 Rb1 69. Rf7+ Kc8 70. Kc6 Kd8 1/2-1/2

[Event "X Weekend A"]
[Site "Porto Sant'Elpidio ITA"]
[Date "2007.12.02"]
[Round "5"]
[White "Serafini, Gino"]
[Black "Spano' Cuomo, Gaetano"]
[Result "0-1"]
[WhiteElo "1831"]
[BlackElo "1879"]
[PlyCount "52"]
[EventDate "2007.11.24"]

1. d4 f5 2. Nf3 Nf6 3. Bf4 e6 4. h3 d5 5. e3 Be7 6. Nbd2 O-O 7. c4 c6 8. Ne5
Nbd7 9. Ndf3 Nxe5 10. dxe5 Ne4 11. a3 b5 12. cxb5 cxb5 13. Be2 Bd7 14. O-O Rc8
15. Nd4 Qa5 16. f3 Ng5 17. g4 fxg4 18. hxg4 Nh3+ 19. Kg2 Nxf4+ 20. exf4 Rxf4
21. Rh1 Qb6 22. Rxh7 Kxh7 23. Qh1+ Kg8 24. Bd3 Re4 25. Nc2 Rxc2+ 26. Bxc2 Re2+
0-1

[Event "X Weekend A"]
[Site "Porto Sant'Elpidio ITA"]
[Date "2007.12.02"]
[Round "6"]
[White "Ferri, Stefano"]
[Black "Miandro, Roberto"]
[Result "1/2-1/2"]
[WhiteElo "2178"]
[BlackElo "2090"]
[PlyCount "48"]
[EventDate "2007.11.24"]

1. d4 d5 2. Nf3 c5 3. c4 e6 4. Nc3 cxd4 5. Nxd4 Nc6 6. cxd5 exd5 7. g3 Bb4 8.
Bg2 Nge7 9. O-O O-O 10. Nc2 Bxc3 11. bxc3 Qa5 12. Bd2 Qc5 13. Rb1 b6 14. Ne3
Bb7 15. Qa4 Qd6 16. Rfd1 Qe6 17. Bf3 Ne5 18. Bg2 Rfd8 19. f4 Bc6 20. Qd4 Nc4
21. Nxc4 dxc4 22. Qe3 Qxe3+ 23. Bxe3 Bxg2 24. Kxg2 Nc6 1/2-1/2

[Event "X Weekend A"]
[Site "Porto Sant'Elpidio ITA"]
[Date "2007.12.02"]
[Round "6"]
[White "Fratini, Mauro"]
[Black "Fioravanti, Emidio"]
[Result "1-0"]
[WhiteElo "1979"]
[BlackElo "2016"]
[PlyCount "67"]
[EventDate "2007.11.24"]

1. d4 Nf6 2. Bf4 g6 3. e3 Bg7 4. Nf3 O-O 5. h3 c5 6. c3 d6 7. Nbd2 Nc6 8. Be2
Bd7 9. O-O Rc8 10. dxc5 dxc5 11. a4 Be6 12. Ng5 Nd5 13. Nxe6 fxe6 14. Bg3 Nxc3
15. bxc3 Bxc3 16. Ra2 Nb4 17. Bc4 Nxa2 18. Bxe6+ Kg7 19. Bxc8 Qxc8 20. Qb3 Bxd2
21. Be5+ Kh6 22. Qxa2 Rf5 23. Qb2 Qg8 24. g4 Rxe5 25. Qxe5 Qf7 26. f4 Qb3 27.
Qg5+ Kg7 28. Qxe7+ Qf7 29. Qxc5 Qe6 30. Qd4+ Kf7 31. Qxd2 Qc6 32. Rc1 Qxa4 33.
Qd5+ Ke7 34. Rc7+ 1-0

[Event "X Weekend A"]
[Site "Porto Sant'Elpidio ITA"]
[Date "2007.12.02"]
[Round "6"]
[White "Giobbi, Costantino"]
[Black "Baleani, Emanuele"]
[Result "1/2-1/2"]
[WhiteElo "1955"]
[BlackElo "1897"]
[PlyCount "52"]
[EventDate "2007.11.24"]

1. d4 d5 2. c4 e6 3. Nc3 Nf6 4. Bg5 Nbd7 5. Nf3 Be7 6. e3 c5 7. cxd5 Nxd5 8.
Bxe7 Nxe7 9. Bd3 cxd4 10. exd4 a6 11. O-O O-O 12. Qe2 Nf6 13. Rfe1 b5 14. Ne4
Ned5 15. Qd2 Nxe4 16. Bxe4 Bb7 17. Rad1 Qe7 18. Bb1 Nf6 19. Qf4 Rfd8 20. Ne5
Rd6 21. Qh4 h6 22. Ng4 Nd5 23. Nxh6+ gxh6 24. Qxh6 Qf6 25. Bh7+ Kh8 26. Bg6+
Kg8 1/2-1/2

[Event "X Weekend A"]
[Site "Porto Sant'Elpidio ITA"]
[Date "2007.12.02"]
[Round "6"]
[White "Guglielmi, Dante"]
[Black "Pierantozzi, Stanislao"]
[Result "0-1"]
[WhiteElo "1925"]
[BlackElo "2010"]
[PlyCount "74"]
[EventDate "2007.11.24"]

1. c4 e5 2. Nc3 Nf6 3. g3 Nc6 4. Bg2 Bc5 5. e3 O-O 6. Nge2 a6 7. d4 exd4 8.
exd4 Ba7 9. O-O d6 10. a3 Bg4 11. h3 Bh5 12. Be3 Re8 13. g4 Bg6 14. Nf4 Qd7 15.
Nxg6 hxg6 16. b4 Nd8 17. Qb3 c6 18. b5 axb5 19. cxb5 d5 20. Rae1 Bb8 21. Bd2
Ne6 22. bxc6 bxc6 23. Rxe6 Rxe6 24. Na4 Qd6 25. f4 Ne4 26. Bb4 Qd8 27. Nc5 Nxc5
28. Bxc5 Bd6 29. Bxd6 Qxd6 30. a4 Rb8 31. Qd3 Qb4 32. Ra1 Qb2 33. Qd1 Re2 34.
Bf3 Rd2 35. Qe1 Qxd4+ 36. Kh1 Qxf4 37. Bg2 Rxg2 0-1

[Event "X Weekend A"]
[Site "Porto Sant'Elpidio ITA"]
[Date "2007.12.02"]
[Round "6"]
[White "Rinaudo, Andrea"]
[Black "Cerquitella, Luca"]
[Result "0-1"]
[WhiteElo "2119"]
[BlackElo "2238"]
[PlyCount "136"]
[EventDate "2007.11.24"]

1. e4 Nc6 2. Nc3 e5 3. Nf3 Nf6 4. Bb5 d6 5. d4 exd4 6. Nxd4 Bd7 7. Nxc6 bxc6 8.
Bd3 Be7 9. O-O O-O 10. f3 Re8 11. Be3 Bf8 12. Bd4 c5 13. Bf2 Bc6 14. Qd2 g6 15.
Bb5 Bxb5 16. Nxb5 Bg7 17. c4 Nd7 18. Nc3 Ne5 19. b3 Nc6 20. Rac1 Nd4 21. Rfd1
a5 22. Kh1 Qd7 23. Bxd4 Bxd4 24. Nd5 Qd8 25. a4 Qb8 26. Rb1 Qd8 27. g3 c6 28.
Nf4 Qe7 29. Re1 Red8 30. Kg2 Rd7 31. h4 h5 32. Ne2 Bg7 33. Rbd1 Be5 34. Nc1 Bd4
35. Ne2 Be5 36. f4 Bg7 37. Ng1 Rb8 38. Rb1 Qd8 39. Red1 Qe7 40. Re1 Qd8 41. Nf3
d5 42. Red1 d4 43. Qd3 Rb4 44. e5 Qe7 45. Re1 Rdb7 46. Nd2 Qe6 47. Ne4 Qe7 48.
Nd6 Rd7 49. Qe4 Rxd6 50. exd6 Qxd6 51. Qd3 Rb8 52. Re4 Qd7 53. Qd2 Kh7 54. Qxa5
d3 55. Qd2 Rb6 56. Re3 Bd4 57. Rxd3 Rb8 58. Re1 Rd8 59. a5 Qf5 60. Qe2 Ra8 61.
Qd2 Qf6 62. Re4 Qf5 63. Qe2 Rxa5 64. Re8 Ra1 65. Rd1 Ra3 66. Qd3 Qg4 67. Qf3
Ra2+ 68. Re2 Rxe2+ 0-1

[Event "X Weekend A"]
[Site "Porto Sant'Elpidio ITA"]
[Date "2007.12.02"]
[Round "6"]
[White "Rinaudo, Sergio"]
[Black "Rotoni, Matteo"]
[Result "1-0"]
[WhiteElo "2127"]
[BlackElo "2069"]
[PlyCount "35"]
[EventDate "2007.11.24"]

1. d4 d5 2. c4 Nc6 3. Nc3 dxc4 4. Nf3 Nf6 5. d5 Na5 6. Qa4+ c6 7. b4 b5 8. Qxa5
Qxa5 9. bxa5 b4 10. Nb1 cxd5 11. Bf4 e6 12. Nbd2 Bd7 13. g3 b3 14. axb3 c3 15.
Nb1 c2 16. Nc3 Bb4 17. Bd2 Rc8 18. Na2 1-0

[Event "X Weekend A"]
[Site "Porto Sant'Elpidio ITA"]
[Date "2007.12.02"]
[Round "6"]
[White "Senigagliesi, Eros"]
[Black "Faini, Ivano"]
[Result "1/2-1/2"]
[WhiteElo "1879"]
[BlackElo "1755"]
[PlyCount "52"]
[EventDate "2007.11.24"]

1. e4 d5 2. exd5 Qxd5 3. Nc3 Qa5 4. d4 c6 5. Nf3 Nf6 6. Bd3 Bf5 7. O-O Bxd3 8.
Qxd3 e6 9. Bf4 Qd8 10. Rfe1 Be7 11. Ne4 Nxe4 12. Rxe4 Nd7 13. Be3 h6 14. Bd2
Nf6 15. Re2 Qc7 16. Qb3 O-O 17. Rae1 Rfe8 18. Ne5 Qb6 19. Qg3 Qxd4 20. Bc3 Qd8
21. Rd2 Bd6 22. Red1 Bxe5 23. Bxe5 Qe7 24. Bd6 Nh5 25. Qf3 Qg5 26. Bc7 Nf6
1/2-1/2